Mis primeros caminos / (Record no. 171686)

MARC details
000 -LEADER
campo de control de longitud fija 00497nam a22001695i 4500
001 - NÚMERO DE CONTROL
campo de control 171686
003 - IDENTIFICADOR DE NÚMERO DE CONTROL
campo de control ES-MaACL
005 - FECHA Y HORA DE LA ÚLTIMA TRANSACCIÓN
campo de control 20250911063603.0
008 - DATOS DE LONGITUD FIJA--INFORMACIÓN GENERAL
campo de control de longitud fija 090526s1962 sp |||| | spa d
080 ## - NÚMERO DE LA CLASIFICACIÓN DECIMAL UNIVERSAL
Número de la Clasificación Decimal Universal 929 Soler, Bartolomé
100 1# - ENTRADA PRINCIPAL--NOMBRE DE PERSONA
Nombre de persona Soler, Bartolomé,
Fechas asociadas al nombre 1894-1975
9 (RLIN) 107138
245 10 - MENCIÓN DEL TÍTULO
Título Mis primeros caminos /
Mención de responsabilidad, etc. Bartolomé Soler.
260 ## - PUBLICACIÓN, DISTRIBUCIÓN, ETC.
Lugar de publicación, distribución, etc. Barcelona :
Nombre del editor, distribuidor, etc. Juventud,
Fecha de publicación, distribución, etc. [1962]
300 ## - DESCRIPCIÓN FÍSICA
Extensión 605 p. ;
Dimensiones 25 cm.
852 ## - LOCALIZACIÓN
Ubicación ES-MaACL
Número de control de estantería C-22453
itemnumber R.51054
Holdings
Estatus retirado Estado de pérdida Estado de daño No para préstamo Biblioteca de origen Biblioteca actual Ubicación en estantería Fecha de adquisición Fuente de adquisición Total de préstamos Signatura topográfica completa Código de barras Visto por última vez Precio de reemplazo Tipo de ítem Koha
        Biblioteca del Ateneo de Madrid Biblioteca del Ateneo de Madrid Galería 26/05/2009     C-22453 1180170 23/02/2023 23/02/2023 Libro impreso